[Event "Match"]
[Site "www.echecsemail.com"]
[Date "2014.12.25"]
[Round "1"]
[White "Udo"]
[Black "Gavroche"]
[WhiteElo "1490"]
[BlackElo "1850"]
[Result "1-0"]
[Round "1"]
1.b4 f6
2.a3 e5
3.Nb1c3 Ng8e7
4.Bc1b2 d5
5.e3 c6
6.d3 Ne7g6
7.h4 Bc8e6
8.h5 Ng6e7
9.Bf1e2 h6
10.e4 d4
11.Nc3b1 f5
12.Nb1d2 Nb8d7
13.Ng1f3 c5
14.c3 Ne7c6
15.b5 Nc6a5
16.c4 a6
17.a4 axb5
18.axb5 Qd8f6
19.g3 g6
20.Be2f1 gxh5
21.Rh1xh5 Qf6g6
22.Nf3h4 Qg6f7
23.exf5 Be6xf5
24.Nh4xf5 Qf7e6
25.Bf1h3 Qe6f7
26.Nf5h4 b6
27.Nd2e4 Bf8g7
28.Ne4d6 { resign }
1-0

[Event "Match"]
[Site "www.echecsemail.com"]
[Date "2014.12.25"]
[Round "1"]
[White "Oxycontin"]
[Black "Karlgrocer"]
[WhiteElo "2040"]
[BlackElo "1980"]
[Result "1-0"]
[Round "1"]
1.e4 d6
2.d4 Ng8f6
3.Nb1c3 e6
4.Bc1e3 Bf8e7
5.e5 Nf6d7
6.Ng1f3 b6
7.Bf1d3 c5
8.exd6 Be7xd6
9.Bd3e4 Nb8c6
10.Be4xc6 Ra8b8
11.dxc5 Bd6xc5
12.Be3xc5 bxc5
13.Qd1d6 Qd8e7
14.Qd6xb8 O-O
15.Qb8xa7 Qe7d6
16.Bc6xd7 Qd6xd7
17.Qa7xd7 Bc8xd7
18.O-O-O Bd7c6
19.Rh1g1 h6
20.Nf3e5 Bc6b7
21.Rd1d7 Bb7d5
22.Nc3xd5 exd5
23.Rd7xd5 Rf8c8
24.Rg1d1 Kh7
25.Ne5xf7 { resign }
1-0

[Event "Match"]
[Site "www.echecsemail.com"]
[Date "2014.12.25"]
[Round "1"]
[White "Liencam2"]
[Black "Parasquirrel"]
[WhiteElo "2260"]
[BlackElo "2280"]
[Result "1-0"]
[Round "1"]
1.e4 d6
2.d4 Ng8f6
3.Nb1c3 g6
4.Bc1g5 Bf8g7
5.e5 dxe5
6.dxe5 Qd8xd1
7.Ra1xd1 Nf6d7
8.Nc3d5 Bg7xe5
9.Ng1f3 e6
10.Nf3xe5 exd5
11.Ne5xd7 Bc8xd7
12.Bg5f6 O-O
13.Rd1xd5 Bd7c6
14.Rd5d2 Nb8d7
15.Bf6h4  { time }
1-0

[Event "Match"]
[Site "www.echecsemail.com"]
[Date "2014.12.25"]
[Round "1"]
[White "Carloswhizz"]
[Black "Joseph1983"]
[WhiteElo "1760"]
[BlackElo "2190"]
[Result "0-1"]
[Round "1"]
1.e4 e5
2.f4 exf4
3.Ng1f3 g5
4.Bf1c4 Bf8g7
5.O-O h6
6.Nb1c3 d6
7.d4 Ng8e7
8.Bc1d2 Ne7g6
9.Qd1e2 O-O
10.Ra1e1 Nb8c6
11.d5 Nc6e5
12.Bc4b3 Bc8g4
13.h3 Ne5xf3
14.gxf3 Bg4xh3
15.Rf1f2 Bg7d4
16.Kh2 Bd4xf2
17.Qe2xf2 Bh3d7
18.Re1h1 Ng6h4
19.Kg1 Qd8f6
20.Bd2e1 Kg7
21.a3 Nh4g6
22.Qf2d2 Ng6e5
23.Kf2 Rf8h8
24.Qd2c1 h5
25.Nc3e2 Bd7b5
26.Ne2d4 Ne5g4
27.fxg4 Qf6xd4
28.Kg2 Qd4xe4
29.Kg1 hxg4
30.Rh1xh8 Ra8xh8
{ resign }
0-1

[Event "Match"]
[Site "www.echecsemail.com"]
[Date "2014.12.25"]
[Round "1"]
[White "Gavroche"]
[Black "Udo"]
[WhiteElo "1840"]
[BlackElo "1500"]
[Result "1-0"]
[Round "1"]
1.d4 e6
2.c4 c6
3.Nb1c3 Ng8e7
4.e4 g6
5.Bc1g5 f6
6.Bg5e3 h6
7.Ng1f3 h5
8.h4 d6
9.c5 d5
10.e5 Bf8g7
11.Qd1c2 b5
12.Be3f4 Nb8d7
13.Bf1d3 f5
14.Nf3g5 Nd7f8
15.b4 Bg7h6
16.a4 Bc8d7
17.axb5 cxb5
18.Nc3xb5 Bd7xb5
19.Bd3xb5 Nf8d7
20.Ng5xe6 Qd8c8
21.Qc2a4 Kf7
22.Bb5xd7 Qc8b7
23.Ne6g5 Bh6xg5
24.Bf4xg5 Kf8
25.Bg5xe7 Kxe7
26.Bd7c6 Qb7c7
27.Bc6xd5 Ra8f8
28.b5 Rf8b8
29.Qa4b4 Rh8d8
30.Qb4a5 Qc7xa5
31.Ra1xa5 Rd8d7
32.O-O Rb8h8
33.Bd5c6 Rd7c7
34.d5 Rh8g8
35.d6 Ke6
36.dxc7 Rg8c8
37.b6 axb6
38.cxb6 f4
39.Rf1d1 Kf5
40.Rd1d8 Rc8xd8
41.cxd8Q Kg4
42.Qd8g5 { resign }
1-0

[Event "Match"]
[Site "www.echecsemail.com"]
[Date "2014.12.25"]
[Round "1"]
[White "Reanna"]
[Black "Pinehill"]
[WhiteElo "1680"]
[BlackElo "1680"]
[Result "0-1"]
[Round "1"]
1.c4 Ng8f6
2.d4 e6
3.Ng1f3 b6
4.g3 c6
5.Bf1g2 Bc8b7
6.O-O d5
7.Nf3e5 Bf8d6
8.Nb1d2 Qd8c7
9.Nd2f3 O-O
10.Qd1c2 Nb8d7
11.Bc1f4 dxc4
12.Qc2xc4 c5
13.Ne5xd7 Nf6xd7
14.Bf4xd6 Qc7xd6
15.Rf1d1 Rf8d8
16.Nf3e5 Bb7xg2
17.Kxg2 Nd7xe5
18.dxe5 Qd6xe5
19.Rd1d3 Rd8xd3
20.exd3 Qe5d5
21.Qc4e4 Ra8d8
22.h4 Qd5xd3
23.Qe4b7 Qd3d5
24.Qb7xd5 Rd8xd5
25.b3 f6
26.f4 e5
27.Kf3 exf4
28.Kxf4 h5
29.g4 Rd5d4
30.Kg3 Rd4xg4
31.Kh3 g5
32.hxg5 fxg5
33.Ra1f1 Rg4f4
34.Rf1a1 Kg7
35.Kg3 Kf6
36.Ra1d1 h4
37.Kh3 Rf4d4
38.Rd1f1 Rd4f4
39.Rf1g1 Kf5
40.Rg1g2 Rf4f3
41.Kh2 g4
42.Kg1 Kf4
43.Kh1 g3
44.Rg2c2 Rf3f1
45.Kg2 Rf1f2
46.Rc2xf2 gxf2
47.Kxf2 b5
48.Kg2 c4
{ resign }
0-1

[Event "Match"]
[Site "www.echecsemail.com"]
[Date "2014.12.25"]
[Round "1"]
[White "Georgepapi"]
[Black "Kantimousse"]
[WhiteElo "1670"]
[BlackElo "1690"]
[Result "1-0"]
[Round "1"]
1.e4 e5
2.Ng1f3 Nb8c6
3.Bf1c4 Nc6d4
4.Nf3xe5 Ng8h6
5.d3 Bf8d6
6.Ne5f3 Bd6c5
7.Bc1xh6 gxh6
8.Nb1c3 Qd8f6
9.Nf3xd4 Bc5xd4
10.Qd1d2 d6
11.O-O Bc8d7
12.Nc3d5 Qf6d8
13.Qd2xh6 Bd4xb2
14.Ra1b1 b5
15.Bc4xb5 Bb2a3
16.Nd5f6 Ke7
17.Bb5xd7 Ba3c5
18.Bd7c6 Ra8c8
19.Nf6d5 { resign }
1-0

[Event "Match"]
[Site "www.echecsemail.com"]
[Date "2014.12.25"]
[Round "1"]
[White "Uliczny2"]
[Black "Generalfree"]
[WhiteElo "1710"]
[BlackElo "1930"]
[Result "0-1"]
[Round "1"]
1.e4 e5
2.Ng1f3 Nb8c6
3.Bf1b5 Ng8e7
4.Nb1c3 a6
5.Bb5a4 b5
6.Ba4b3 d6
7.Nf3g5 d5
8.exd5 Ne7xd5
9.Ng5xf7 Nd5xc3
10.Nf7xd8 Nc3xd1
11.Nd8xc6 Nd1xf2
12.Kxf2 Bf8d6
13.Rh1e1 Bd6c5
14.Ke2 Bc8g4
15.Kd3 Bg4f5
16.Ke2 e4
17.Nc6e5 Bc5d6
18.Ne5c6 Bd6xh2
19.Nc6d4 Bf5g4
20.Ke3 Rh8f8
21.Re1h1 Bh2f4
22.Kxe4 O-O-O
23.Bb3e6 Bg4xe6
 { time }
0-1

[Event "Match"]
[Site "www.echecsemail.com"]
[Date "2014.12.25"]
[Round "1"]
[White "Oxycontin"]
[Black "Passaroa25"]
[WhiteElo "2050"]
[BlackElo "1570"]
[Result "1-0"]
[Round "1"]
1.Ng1f3 e6
2.d4 f6
3.g3 Ng8e7
4.Bf1g2 Ne7g6
5.O-O d5
6.Nb1d2 Nb8d7
7.e4 Nd7b6
8.exd5 Nb6xd5
9.c4 Nd5b4
10.Qd1b3 Bc8d7
11.Rf1e1 Bf8e7
12.a3 Nb4c6
13.d5 Nc6a5
14.Qb3c2 O-O
15.dxe6 Bd7c6
16.b4 Bc6xf3
17.Bg2xf3 Na5c6
18.Bf3xc6 bxc6
19.Qc2e4 Ng6e5
20.Nd2f3 Qd8d6
21.Nf3xe5 Qd6xe6
22.Ne5xc6 Qe6xe4
23.Re1xe4 Be7d6
24.Bc1f4 a6
25.Bf4xd6 cxd6
26.Ra1d1 Rf8e8
27.Re4xe8 Ra8xe8
28.Rd1xd6 Re8e1
29.Kg2 f5
30.Nc6d4 g6
31.Rd6xa6 Kg7
32.c5 Kh6
33.Nd4xf5 Kg5
34.Nf5e3 Re1c1
35.a4 Rc1c3
36.c6 h5
37.Ne3d5 Rc3c4
38.c7 h4
39.b5 hxg3
40.hxg3 Rc4c5
41.Ra6d6 Kf5
42.Rd6c6 { resign }
1-0

[Event "1/64 Finale"]
[Site "www.chess-mail.com"]
[Date "2014.12.25"]
[Round "1"]
[White "Badplayer"]
[Black "Preacher59"]
[WhiteElo "2230"]
[BlackElo "2010"]
[Result "1/2-1/2"]
[Round "1"]
1.e4 c5
2.Ng1f3 d6
3.d4 cxd4
4.Nf3xd4 g6
5.Bc1e3 Bf8g7
6.Bf1e2 Ng8f6
7.f3 O-O
8.O-O Bc8d7
9.a4 Nb8c6
10.Qd1d2 a6
11.c4 Nf6e8
12.b4 Ne8c7
13.Nd4xc6 Bd7xc6
14.Nb1c3 Ra8b8
15.Ra1a3 b5
16.axb5 axb5
17.cxb5 Nc7xb5
18.Nc3xb5 Bc6xb5
19.Be2xb5 Rb8xb5
20.Ra3a5 Qd8b8
21.Ra5xb5 Qb8xb5
22.Rf1b1 Rf8c8
23.Kf2 Bg7c3
24.Qd2e2 Rc8b8
25.Be3d2 Qb5c6
26.Kf1 Bc3xd2
27.Qe2xd2 Qc6c4
28.Kf2 Rb8a8
29.Kg3 Ra8a3
30.Kf2 Ra3c3
31.Rb1b2 Kf8
32.Kg3 Qc4c7
33.Qd2h6 Kg8
34.Qh6f4 Rc3c2
35.Rb2xc2 Qc7xc2
36.Qf4e3 Qc2c7
37.Kh3 Qc7c8
38.g4 Kg7
39.Kg3 Qc8b8
40.Qe3c3 Kg8
41.Kh3 f6
42.Qc3c4 Kf8
43.b5 Qb8b6
44.Qc4c8 Kg7
45.Qc8d7 Kf7
46.Kg2 h6
47.Qd7c6 Qb6a5
48.Qc6d5 Kf8
49.h4 Qa5e1
50.Qd5b3 Qe1e2
51.Kg1 Qe2e1
{ draw }
1/2-1/2

[Event "1/128 Finale"]
[Site "www.chess-mail.com"]
[Date "2014.12.25"]
[Round "1"]
[White "Attatroll"]
[Black "Eusegon"]
[WhiteElo "2090"]
[BlackElo "2210"]
[Result "1-0"]
[Round "1"]
1.e4 e6
2.d4 d5
3.Bf1d3 dxe4
4.Bd3xe4 Ng8f6
5.Be4f3 c5
6.dxc5 Qd8xd1
7.Bf3xd1 Bf8xc5
8.Ng1f3 Nb8c6
9.O-O O-O
10.c3 b6
11.Bd1a4 Bc8b7
12.Bc1f4 Rf8d8
13.Nb1d2 Ra8c8
14.Nd2b3  { time }
1-0

[Event "1/64 Finale"]
[Site "www.chess-mail.com"]
[Date "2014.12.25"]
[Round "1"]
[White "Andersspike"]
[Black "Fanny33"]
[WhiteElo "2209"]
[BlackElo "2670"]
[Result "0-1"]
[Round "1"]
1.d3 d6
2.Ng1f3 c5
3.g3 b6
4.Bf1g2 Bc8b7
5.O-O e6
6.e4 Ng8f6
7.Nb1c3 Bf8e7
8.e5 dxe5
9.Nf3xe5 Qd8c8
10.Rf1e1 O-O
11.a3 Nb8c6
12.Qd1f3 Nc6a5
13.Qf3e2 Bb7xg2
14.Kxg2 Nf6d7
15.Ne5f3 Na5c6
16.Bc1e3 Qc8b7
17.Kg1 Ra8c8
18.Ra1d1 Rf8d8
19.Nc3e4 Nd7e5
20.Nf3xe5 Nc6xe5
21.Be3g5 f6
22.Bg5f4 Ne5c6
23.c3 e5
24.Bf4c1 Qb7d7
25.b4 cxb4
26.axb4 Qd7d5
 { time }
0-1

[Event "Eq:CONFOEDERATIONIS HELVETICAE-Los Tercios : "]
[Site "www.chess-mail.com"]
[Date "2014.12.25"]
[Round "1"]
[White "Asoka"]
[Black "Danquigley"]
[WhiteElo "2670"]
[BlackElo "2570"]
[Result "1/2-1/2"]
[Round "1"]
1.d4 Ng8f6
2.c4 g6
3.Nb1c3 d5
4.cxd5 Nf6xd5
5.e4 Nd5xc3
6.bxc3 Bf8g7
7.Bf1c4 O-O
8.Ng1e2 c5
9.O-O Nb8c6
10.Bc1e3 Qd8c7
11.Ra1b1 Bc8d7
12.Qd1c1 Ra8c8
13.Qc1a3 cxd4
14.cxd4 Nc6xd4
15.Bc4xf7 Rf8xf7
16.Ne2xd4 b6
17.Rf1d1 e5
18.Nd4f3 h6
19.Rb1c1 Qc7b7
20.Qa3b3 Rc8xc1
21.Be3xc1 { draw }
1/2-1/2

[Event "Tourn. n7927"]
[Site "www.chess-mail.com"]
[Date "2014.12.25"]
[Round "1"]
[White "Rindrandria"]
[Black "Gatrooper"]
[WhiteElo "1450"]
[BlackElo "1340"]
[Result "1-0"]
[Round "1"]
1.f3 d5
2.g4 e5
3.Ng1h3 h6
4.Bf1g2 d4
5.c4 c5
6.Qd1b3 Nb8c6
7.d3 Nc6a5
8.Qb3a3 b6
9.Nb1d2 Ng8f6
10.Nd2e4 Nf6xe4
11.dxe4 Na5xc4
12.Qa3a4 Bc8d7
13.Qa4xc4 Bd7e6
14.Qc4c2 Bf8e7
15.O-O h5
16.g5 Be6xh3
17.Bg2xh3 Be7xg5
18.Qc2a4 Kf8
19.f4 Bg5e7
20.Bh3g2 h4
21.fxe5 h3
22.Bg2f3 Be7h4
23.Rf1d1 Bh4g3
24.hxg3 h2
25.Kh1 Qd8c8
26.b4 Qc8e6
27.bxc5 bxc5
28.Bc1f4 f6
29.exf6 gxf6
30.Rd1f1 Ra8d8
31.Qa4xa7 Kg8
32.Qa7xc5 Qe6h3
33.Qc5c7 Rd8c8
34.Qc7e7 Qh3h7
35.Qe7xf6 Rc8f8
36.Qf6xd4 Qh7f7
37.e5 Qf7e7
38.Bf3d5 Kh7
39.Ra1b1 Qe7d8
40.Qd4e4 Kg7
41.Rb1b7 Rf8f7
42.Rb7xf7 Kg8
43.Qe4g6 
1-0

[Event "Match"]
[Site "www.echecsemail.com"]
[Date "2014.12.25"]
[Round "1"]
[White "Hurtadofredy"]
[Black "Germancho95"]
[WhiteElo "1519"]
[BlackElo "1530"]
[Result "0-1"]
[Round "1"]
1.e4 c5
2.f3 d6
3.Bf1b5 Bc8d7
4.Bb5xd7 Nb8xd7
5.b3 e5
6.Nb1c3 Ng8f6
7.Ng1h3 Bf8e7
8.d3 Nd7b6
9.g4 h6
10.Bc1b2 d5
11.Qd1e2 d4
12.Nc3d1 g5
13.Nd1f2 Qd8d7
14.O-O-O O-O-O
15.Nh3g1 Kb8
16.Qe2d2 Qd7b5
17.Ng1e2 Qb5a6
18.a3 Rd8c8
19.Kb1 c4
20.dxc4 Be7xa3
21.Bb2xa3 Qa6xa3
22.Qd2c1 Qa3b4
23.Nf2d3 Qb4a5
24.c3 Nb6xc4
25.bxc4 Rc8xc4
26.Rd1d2 Rc4a4
27.Kc2 Ra4a2
28.Nd3b2 Rh8c8
29.Kd1 Ra2a1
30.Qc1xa1 Qa5xa1
31.Kc2 Qa1xh1
32.c4 Qh1xf3
33.Ne2g3 Nf6xe4
34.Ng3xe4 Qf3xe4
{ resign }
0-1

[Event "Tourn. n7814"]
[Site "www.chess-mail.com"]
[Date "2014.12.25"]
[Round "1"]
[White "Anja"]
[Black "Uliczny2"]
[WhiteElo "1690"]
[BlackElo "1700"]
[Result "1-0"]
[Round "1"]
1.e4 e5
2.Ng1f3 Ng8f6
3.Nf3xe5 d6
4.Ne5f3 Nf6xe4
5.d4 d5
6.Bf1d3 Bf8d6
7.O-O O-O
8.Rf1e1 Rf8e8
9.c4 c6
10.Nb1c3 Ne4xc3
11.bxc3 h6
12.cxd5 cxd5
13.Ra1b1 b6
14.Bc1e3 Qd8c7
15.Qd1c2 Bc8b7
16.Be3f4 Re8xe1
17.Rb1xe1 Bb7c6
18.Nf3e5 Bd6xe5
19.Bf4xe5 Qc7d7
20.Re1e3 Bc6a4
21.Qc2e2 Nb8c6
22.Re3g3 g6
23.Bd3xg6 fxg6
24.Rg3xg6 Kf8
25.Qe2f3  { time }
1-0

[Event "Tourn. n7956"]
[Site "www.chess-mail.com"]
[Date "2014.12.25"]
[Round "1"]
[White "Krasin"]
[Black "Stevo100"]
[WhiteElo "2240"]
[BlackElo "2100"]
[Result "1-0"]
[Round "1"]
1.e4 e6
2.d4 d5
3.Nb1c3 Ng8f6
4.Bc1g5 Bf8e7
5.e5 Nf6d7
6.h4 Be7xg5
7.hxg5 Qd8xg5
8.Ng1h3 Qg5e7
9.Qd1g4 O-O
10.Bf1d3 f6
11.Nh3f4 g6
12.Bd3xg6 hxg6
13.Rh1h8 Kxh8
14.Nf4xg6 Kg7
15.Ng6xe7 Kf7
16.Ne7xc8 Rf8xc8
17.Nc3xd5 Nb8c6
18.O-O-O Rc8h8
19.Nd5xc7 { resign }
1-0

[Event "Tourn. n7922"]
[Site "www.chess-mail.com"]
[Date "2014.12.25"]
[Round "1"]
[White "Terrible"]
[Black "Averoes"]
[WhiteElo "2240"]
[BlackElo "2170"]
[Result "1-0"]
[Round "1"]
1.Ng1f3 d5
2.d4 Bc8g4
3.Nf3e5 Bg4f5
4.Nb1d2 f6
5.Ne5f3 Nb8c6
6.c3 e5
7.Nd2b3 e4
8.Nf3h4 Bf5e6
9.g3 f5
10.Nh4g2 Ng8f6
11.Ng2f4 Be6f7
12.h4 Bf8d6
13.Bf1h3 Nc6e7
14.a4 O-O
15.O-O h6
16.Nf4g2 g5
17.hxg5 hxg5
18.Bc1xg5 Nf6g4
19.f3 exf3
20.exf3 Qd8d7
21.fxg4 fxg4
22.Bh3xg4 Bf7e6
23.Bg4xe6 Qd7xe6
24.Qd1h5 { resign }
1-0

[Event "Tourn. n7936"]
[Site "www.chess-mail.com"]
[Date "2014.12.25"]
[Round "1"]
[White "Maredocla"]
[Black "Louis"]
[WhiteElo "1910"]
[BlackElo "1900"]
[Result "1-0"]
[Round "1"]
1.f4 d5
2.Ng1f3 g6
3.e3 Bf8g7
4.d4 Ng8f6
5.Nf3e5 O-O
6.Bf1d3 c5
7.c3 Nb8c6
8.Nb1d2 Qd8b6
9.O-O cxd4
10.cxd4 Nc6b4
11.Nd2b3 Nb4xd3
12.Qd1xd3 Nf6e4
13.Nb3d2 Bc8f5
14.Nd2xe4 Bf5xe4
15.Qd3d2 Rf8c8
16.b3 Rc8c2
17.Ne5d7 Qb6c7
18.Qd2b4 { resign }
1-0

[Event "Tourn. n7895"]
[Site "www.chess-mail.com"]
[Date "2014.12.25"]
[Round "1"]
[White "Sargentomeza"]
[Black "Luban"]
[WhiteElo "2279"]
[BlackElo "2120"]
[Result "1-0"]
[Round "1"]
1.e4 c6
2.d4 d5
3.Nb1c3 dxe4
4.Nc3xe4 Bc8f5
5.Ne4g3 Bf5g6
6.h4 h6
7.Ng1f3 Nb8d7
8.Bf1d3 Bg6xd3
9.Qd1xd3 e6
10.Bc1f4 Ng8f6
11.O-O-O Nf6d5
12.Bf4e5 Nd7f6
13.c4 Nd5b4
14.Qd3b3 b6
15.a3 Nb4a6
16.Be5xf6 Qd8xf6
17.Ng3h5 Qf6e7
18.Nf3e5 Qe7b7
19.Rh1e1 O-O-O
20.Qb3f3 g6
21.Ne5xf7 { resign }
1-0

[Event "Tourn. n7840"]
[Site "www.chess-mail.com"]
[Date "2014.12.25"]
[Round "1"]
[White "Apoorva"]
[Black "Cardiff"]
[WhiteElo "2070"]
[BlackElo "2070"]
[Result "1/2-1/2"]
[Round "1"]
1.e4 e5
2.Ng1f3 Nb8c6
3.c3 d5
4.exd5 Qd8xd5
5.d3 Ng8f6
6.Bf1e2 h6
7.O-O Bf8e7
8.Qd1c2 O-O
9.Nb1d2 Bc8e6
10.Nd2c4 b5
11.Nc4e3 Qd5d7
12.b3 a6
13.a4 Nf6d5
14.c4 Nd5b4
15.Qc2d2 bxc4
16.Ne3xc4 Be6xc4
17.dxc4 Qd7xd2
18.Bc1xd2 Be7f6
19.Bd2xb4 Nc6xb4
20.Ra1d1 Rf8d8
21.Nf3d2 Bf6e7
22.Nd2e4 f5
23.Ne4g3 g6
24.f3 Be7h4
25.c5 Bh4xg3
26.hxg3 Kg7
27.Be2c4 Nb4c2
28.Kf2 a5
29.Rd1d5 Rd8xd5
30.Bc4xd5 Ra8d8
31.Bd5c4 Kf6
32.Ke2 Nc2d4
33.Ke3 Rd8b8
34.Rf1b1 g5
35.f4 Nd4e6
36.Rb1h1 exf4
37.gxf4 gxf4
38.Kf3 Ne6xc5
39.Rh1xh6 Kg7
40.Rh6c6 Nc5xb3
41.Rc6xc7 Kf6
42.Kxf4 Nb3d2
43.Bc4b5 Rb8g8
44.Rc7c6 Ke7
45.Kxf5 Rg8xg2
{ draw }
1/2-1/2

[Event "Tourn. n7905"]
[Site "www.chess-mail.com"]
[Date "2014.12.25"]
[Round "1"]
[White "Vite"]
[Black "Guidom"]
[WhiteElo "2010"]
[BlackElo "2130"]
[Result "1/2-1/2"]
[Round "1"]
1.e4 e5
2.Ng1f3 Nb8c6
3.Bf1b5 a6
4.Bb5a4 Ng8f6
5.O-O d6
6.c3 Bf8e7
7.Rf1e1 O-O
8.d4 b5
9.Ba4b3 Bc8g4
10.dxe5 dxe5
11.Qd1xd8 Ra8xd8
12.Nb1d2 Be7d6
13.h3 Bg4h5
14.Kf1 Bd6c5
15.g4 Bh5g6
16.Kg2 h6
17.Nf3h4 Bg6h7
18.f3 Rd8d7
19.Kg3 Rf8d8
20.Nd2f1 b4
21.Bb3a4 Rd7d6
22.cxb4 Nc6xb4
23.Bc1e3 Bc5xe3
24.Nf1xe3 Rd6d2
25.b3 g5
26.Nh4f5 Bh7xf5
27.Ne3xf5 Kh7
28.Nf5e3 h5
29.gxh5 Nf6xh5
30.Kg4 Kg6
31.h4 Nb4d3
{ draw }
1/2-1/2

[Event "Match"]
[Site "www.echecsemail.com"]
[Date "2014.12.25"]
[Round "1"]
[White "Goofy"]
[Black "Harrytheking"]
[WhiteElo "2180"]
[BlackElo "1670"]
[Result "1-0"]
[Round "1"]
1.e4 b6
2.d4 Bc8a6
3.Bf1d3 Ba6xd3
4.Qd1xd3 e6
5.Ng1f3 d6
6.O-O h6
7.c4 Ng8e7
8.Nb1c3 Ne7g6
9.b3 Bf8e7
10.Bc1e3 O-O
11.Qd3d2 a6
12.h3 Nb8d7
13.Ra1d1 Rf8e8
14.Nc3e2 c6
15.Ne2f4 Ng6xf4
16.Be3xf4 Be7f6
17.e5 Bf6e7
18.Rf1e1 d5
19.Kh1 c5
20.cxd5 exd5
21.dxc5 Nd7xc5
22.Qd2xd5 Qd8xd5
23.Rd1xd5 Nc5e6
24.Bf4e3 b5
25.Re1d1 Ra8c8
26.Nf3e1 Ne6c7
27.Rd5d7 Nc7e6
28.Rd7a7 Ne6c7
29.Rd1d7 Nc7e6
30.Rd7xe7 Re8xe7
31.Ra7xe7 Rc8d8
32.Kh2 Rd8d1
33.Ne1c2 Rd1d5
34.Re7a7 Rd5xe5
35.Ra7xa6 Re5c5
36.Be3xc5 Ne6xc5
37.Ra6a5 Nc5d3
38.Ra5xb5 Nd3xf2
39.a4 { resign }
1-0

[Event "Match"]
[Site "www.echecsemail.com"]
[Date "2014.12.25"]
[Round "1"]
[White "Razorboy"]
[Black "Mdesouza"]
[WhiteElo "1770"]
[BlackElo "2110"]
[Result "1-0"]
[Round "1"]
1.d4 d5
2.Ng1f3 Ng8f6
3.Bc1g5 e6
4.Bg5xf6 Qd8xf6
5.Nb1c3 Bf8b4
6.e3 O-O
7.Bf1d3 b6
8.O-O Bc8a6
9.Bd3xa6 Nb8xa6
10.Nf3e5 Na6b8
11.Nc3b5 Qf6e7
12.c3 Bb4d6
13.Ne5f3 Nb8d7
14.h4 e5
15.Qd1c2 e4
16.Nf3g5 h6
17.Ng5h3 Qe7xh4
18.Nb5xd6 cxd6
19.Qc2b3 Nd7f6
20.f3 exf3
21.Rf1xf3 Rf8e8
22.Rf3f4 Nf6g4
23.Qb3xd5 Ng4xe3
24.Qd5xf7 { resign }
1-0

[Event "Match"]
[Site "www.echecsemail.com"]
[Date "2014.12.25"]
[Round "1"]
[White "Wagner"]
[Black "Generalfree"]
[WhiteElo "1670"]
[BlackElo "1780"]
[Result "0-1"]
[Round "1"]
1.Ng1f3 d5
2.e3 f6
3.h3 e5
4.Nb1c3 c6
5.a3 a6
6.d4 e4
7.Nf3e5 fxe5
8.Qd1h5 Ke7
9.dxe5 Bc8e6
10.Bc1d2 Kd7
11.Nc3a4 g6
12.Qh5e2 b5
13.Na4c3 Ng8e7
14.g4 g5
15.O-O-O Kc8
16.Bd2e1 Ne7g6
17.Nc3xe4 Ng6xe5
18.Be1c3 Bf8g7
19.h4 gxh4
20.f3 Qd8e7
21.Bc3b4 Qe7d8
22.Ne4c5 Rh8e8
23.Qe2e1 Ne5xf3
24.Qe1f2 Be6xg4
25.Rh1xh4 Nf3xh4
26.Qf2f7 Re8e7
27.Qf7f4 Bg4xd1
28.Bf1h3 Nb8d7
29.Qf4xh4 a5
30.Bb4e1 Bd1f3
31.Be1g3 Ra8a7
32.Bg3d6 Re7xe3
33.Qh4xh7 Re3e1
34.Kd2 Qd8e8
35.Bh3xd7 Ra7xd7
36.Nc5d3 Qe8e3

0-1

[Event "Match"]
[Site "www.echecsemail.com"]
[Date "2014.12.25"]
[Round "1"]
[White "Sanci"]
[Black "Kai1"]
[WhiteElo "1410"]
[BlackElo "1430"]
[Result "0-1"]
[Round "1"]
1.e4 d5
2.e5 c5
3.Ng1f3 f6
4.Bf1b5 Bc8d7
5.Bb5xd7 Qd8xd7
6.d4 cxd4
7.Qd1xd4 Nb8c6
8.Qd4f4 O-O-O
9.Nb1c3 d4
10.Nc3e2 d3
11.Ne2d4 dxc2
12.O-O fxe5
13.Nf3xe5 Nc6xe5
14.Qf4xe5 Qd7xd4
15.Qe5xd4 Rd8xd4
16.Rf1e1 Ng8f6
17.Re1e2 Rd4d1
18.Re2e1 Rd1xe1

0-1

[Event "Match"]
[Site "www.echecsemail.com"]
[Date "2014.12.25"]
[Round "1"]
[White "Apdash"]
[Black "Luzhin"]
[WhiteElo "2140"]
[BlackElo "2250"]
[Result "0-1"]
[Round "1"]
1.d4 Ng8f6
2.c4 e6
3.Nb1c3 Bf8b4
4.a3 Bb4xc3
5.bxc3 O-O
6.Qd1c2 Rf8e8
7.e4 e5
8.Bf1d3 exd4
9.cxd4 Nf6xe4
10.Ng1e2 Ne4f6
11.Bc1g5 h6
12.Bg5h4 d5
13.O-O dxc4
14.Bd3xc4 Bc8e6
15.Bc4xe6 Re8xe6
16.Ne2f4 Re6d6
17.Bh4xf6 Rd6xf6
18.g3 Nb8c6
19.d5 Nc6e5
20.Kg2 Qd8d7
21.h3 g5
22.Nf4h5 Qd7xd5
23.f3 Rf6xf3
24.Kh2 Rf3xf1
25.Ra1xf1 Ne5f3
26.Rf1xf3 Qd5xf3
27.g4 Ra8e8
28.Nh5g3 Re8e3
{ resign }
0-1

[Event "1/64 Finale"]
[Site "www.chess-mail.com"]
[Date "2014.12.25"]
[Round "1"]
[White "Derfel83"]
[Black "Asoka"]
[WhiteElo "1940"]
[BlackElo "2650"]
[Result "0-1"]
[Round "1"]
1.e4 c5
2.Nb1c3 Nb8c6
3.f4 e6
4.Ng1f3 a6
5.a4 d5
6.exd5 exd5
7.d4 cxd4
8.Nf3xd4 Ng8f6
9.Bf1e2 Qd8b6
10.Nd4xc6 bxc6
11.a5 Qb6a7
12.Nc3a4 Nf6e4
13.Na4b6 Bf8b4
14.c3 Bb4xa5
15.Bc1e3 Ba5xb6
16.Be3xb6 Qa7xb6
17.Qd1d4 Qb6xb2
{ resign }
0-1

[Event "1/64 Finale"]
[Site "www.chess-mail.com"]
[Date "2014.12.25"]
[Round "1"]
[White "Chtoubidou"]
[Black "Lautreamont"]
[WhiteElo "1870"]
[BlackElo "2859"]
[Result "0-1"]
[Round "1"]
1.d4 Ng8f6
2.c4 g6
3.Nb1c3 Bf8g7
4.e4 d6
5.f4 O-O
6.Bc1e3 Nf6g4
7.Qd1d2 f5
8.h3 Ng4xe3
9.Qd2xe3 fxe4
10.Nc3xe4 c5
11.Ng1f3 cxd4
12.Nf3xd4 Nb8c6
13.O-O-O Nc6xd4
14.Rd1xd4 Bg7xd4
15.Qe3xd4 Rf8xf4
16.g3 Rf4f5
17.Bf1d3 Bc8e6
18.Qd4e3 Rf5e5
{ resign }
0-1

[Event "Tourn. n7852"]
[Site "www.chess-mail.com"]
[Date "2014.12.26"]
[Round "1"]
[White "Julian"]
[Black "Ffdd65"]
[WhiteElo "2040"]
[BlackElo "2090"]
[Result "1-0"]
[Round "1"]
1.e4 e5
2.Ng1f3 Nb8c6
3.Bf1b5 Ng8e7
4.d4 exd4
5.O-O a6
6.Bb5c4 b5
7.Bc4e2 d5
8.e5 Ne7f5
9.Be2d3 Bf8c5
10.Rf1e1 Bc8e6
11.Nf3g5 Qd8d7
12.c3 O-O-O
13.Ng5xe6 Qd7xe6
14.cxd4 Bc5xd4
15.Bc1f4 Bd4xb2
16.Nb1d2 Bb2xa1
17.Qd1xa1 Nf5d4
18.Re1c1 g6
19.Nd2b3 Nd4xb3
20.axb3 Kb7
21.Qa1c3 Rd8d7
22.Bd3f1 d4
23.Qc3f3 Qe6d5
24.Qf3d3 Nc6xe5
25.Bf4xe5 Qd5xe5
26.g3 Kb6
27.Bf1g2 c5
28.Qd3b1 Rh8e8
29.b4 c4
30.Qb1a2 Rd7d6
31.Qa2a5 Ka7
32.Qa5c7 
1-0

[Event "Tourn. n7903"]
[Site "www.chess-mail.com"]
[Date "2014.12.26"]
[Round "1"]
[White "Attatroll"]
[Black "Libiesse"]
[WhiteElo "2040"]
[BlackElo "2040"]
[Result "1-0"]
[Round "1"]
1.g3 c5
2.Bf1g2 Nb8c6
3.Nb1c3 g6
4.d3 Bf8g7
5.Bc1d2 Ng8f6
6.Ng1f3 d5
7.O-O e5
8.Bd2g5 Bc8e6
9.e4 d4
10.Nc3e2 O-O
11.a3 Qd8c7
12.Qd1d2 Ra8b8
13.Ra1b1 b5
14.Bg5h6 c4
15.Bh6xg7 Kxg7
16.Nf3g5 c3
17.bxc3 Qc7a5
18.Ng5xe6 fxe6
19.Rb1b3 Rf8f7
20.Bg2h3 dxc3
21.Qd2xc3 Qa5xc3
22.Rb3xc3 Nc6d8
23.Rf1b1 a6
24.Rc3c5 g5
25.Rc5xe5 g4
26.Re5g5 { resign }
1-0

[Event "Tourn. n7807"]
[Site "www.chess-mail.com"]
[Date "2014.12.26"]
[Round "1"]
[White "George1955"]
[Black "Rons"]
[WhiteElo "2600"]
[BlackElo "2560"]
[Result "1-0"]
[Round "1"]
1.e4 c5
2.Ng1f3 d6
3.d4 cxd4
4.Nf3xd4 Ng8f6
5.Nb1c3 a6
6.Bc1e3 e6
7.f3 b5
8.Qd1d2 Nb8d7
9.a3 Bc8b7
10.O-O-O d5
11.exd5 Nf6xd5
12.Nc3xd5 Bb7xd5
13.Kb1 Bf8c5
14.Nd4xb5 axb5
15.Be3xc5 Nd7xc5
16.Bf1xb5 Kf8
17.c4 Qd8b6
18.Qd2e3 Ra8b8
19.b4 Nc5d7
20.Qe3xb6 Nd7xb6
21.cxd5 Nb6xd5
22.Rd1c1 Ke7
23.Bb5c6 Rh8d8
24.Bc6xd5 exd5
25.Rh1d1 Ke6
26.Kb2 Rb8b5
27.Rc1c7 Rd8d7
28.Rc7xd7 Kxd7
29.Kb3 Kd6
30.a4 Rb5b7
31.a5 Rb7e7
32.Rd1c1 Re7a7
33.Ka4 d4
34.b5 Ra7e7
35.b6 d3
36.a6 d2
37.Rc1d1 { resign }
1-0

[Event "Tourn. n7878"]
[Site "www.chess-mail.com"]
[Date "2014.12.26"]
[Round "1"]
[White "Karadajyan"]
[Black "Anja"]
[WhiteElo "1920"]
[BlackElo "1860"]
[Result "1-0"]
[Round "1"]
1.d4 Ng8f6
2.Bc1g5 e6
3.e3 Bf8e7
4.Bf1d3 Nb8c6
5.c3 O-O
6.Ng1f3 h6
7.Bg5h4 d5
8.Nb1d2 Bc8d7
9.Qd1e2 a6
10.O-O Rf8e8
11.Nf3e5 g5
12.Bh4g3 Be7d6
13.f4 Nf6h7
14.Bd3xh7 Kxh7
15.Ne5xf7 Qd8e7
16.fxg5 Re8f8
17.Qe2d3 { resign }
1-0

[Event "Tourn. n7866"]
[Site "www.chess-mail.com"]
[Date "2014.12.26"]
[Round "1"]
[White "Robwally"]
[Black "Anja"]
[WhiteElo "1749"]
[BlackElo "1850"]
[Result "0-1"]
[Round "1"]
1.d4 Ng8f6
2.g3 c5
3.Ng1f3 e6
4.Bf1g2 Nb8c6
5.O-O d5
6.c4 Bf8e7
7.cxd5 Nf6xd5
8.e4 Nd5f6
9.dxc5 Qd8xd1
10.Rf1xd1 O-O
11.e5 Nf6d5
12.Nb1c3 Nd5xc3
13.bxc3 Be7xc5
14.Bc1f4 b6
15.Nf3d4 Bc5xd4
16.cxd4 Bc8b7
17.Ra1c1 Ra8c8
 { time }
0-1

[Event "Tourn. n7756"]
[Site "www.chess-mail.com"]
[Date "2014.12.26"]
[Round "1"]
[White "Louis"]
[Black "Naujzaid"]
[WhiteElo "1890"]
[BlackElo "1739"]
[Result "0-1"]
[Round "1"]
1.d4 d5
2.c4 e6
3.Nb1c3 Bf8e7
4.cxd5 exd5
5.Bc1f4 Ng8f6
6.e3 O-O
7.Bf1d3 c6
8.Qd1c2 Nb8a6
9.a3 Na6c7
10.Ng1f3 h6
11.O-O Nc7e6
12.Bf4e5 Rf8e8
13.Rf1e1 Ne6f8
14.h3 Bc8e6
15.b4 a5
16.bxa5 Ra8xa5
17.a4 Nf8d7
18.Ra1b1 Qd8a8
19.Be5c7 Ra5a7
20.Nf3e5 Nd7xe5
21.Bc7xe5 Nf6d7
22.Be5g3 c5
23.Nc3b5 c4
{ resign }
0-1